[Event "Hanoi op"]
[Site "Hanoi"]
[Date "2022.08.24"]
[Round "4"]
[White "Nguyen, Tuan Minh"]
[Black "Vu, Ba Khoi"]
[Result "0-1"]
[WhiteElo "1266"]
[BlackElo "1495"]
[PlyCount "122"]
[EventDate "2022.08.20"]
[EventType "swiss"]
[EventRounds "9"]
[EventCountry "VIE"]
[SourceTitle "CBM 209 Extra"]
[Source "ChessBase"]
[SourceDate "2022.09.30"]
[SourceVersion "1"]
[SourceVersionDate "2022.09.30"]
[SourceQuality "1"]

1. d4 Nf6 2. c4 e6 3. Nf3 Bb4+ 4. Bd2 Qe7 5. g3 b6 6. Bg2 Bb7 7. 0-0 Bxd2 8. Nbxd2 0-0 9. Qc2 d6 10. Rac1 Nbd7 11. e4 e5 12. d5 a5 13. b3 Nc5 14. a3 Ba6 15. Rfe1 g6 16. b4 axb4 17. axb4 Ncd7 18. Nf1 Bb7 19. N3d2 Ra7 20. Ra1 Rfa8 21. Qb2 Qd8 22. Ne3 Ra4 23. Rxa4 Rxa4 24. Ra1 Qa8 25. Rxa4 Qxa4 26. Nc2 b5 27. cxb5 Qxb5 28. Bf1 Qa4 29. f3 h5 30. Qb3 Qa7+ 31. Kg2 h4 32. Qa3 Qb8 33. b5 hxg3 34. hxg3 Nh5 35. Qe3 Kg7 36. Nb4 Nb6 37. Na6 Qd8 38. Nb3 f5 39. Qc1 fxe4 40. fxe4 Nxd5 41. exd5 Bxd5+ 42. Kh2 Bxb3 43. Qxc7+ Qxc7 44. Nxc7 Nf6 45. b6 Nd7 46. b7 Nb8 47. Na6 Bd5 48. Nxb8 Bxb7 49. Nd7 Bc6 50. Nb6 d5 51. g4 Kf6 52. Kg3 g5 53. Nc8 e4 54. Nd6 Ke6 55. Nf5 Ke5 56. Kf2 d4 57. Be2 Bd7 58. Ng3 Be6 59. Nf1 Kf4 60. Ba6 Bxg4 61. Bb5 Bf3 0-1

[Event "VIE-ch U15"]
[Site "Hanoi"]
[Date "2022.06.16"]
[Round "8"]
[White "Vu, Ba Khoi"]
[Black "Tran, Dang Minh Duc"]
[Result "0-1"]
[WhiteElo "2313"]
[BlackElo "2323"]
[PlyCount "68"]
[EventDate "2022.06.11"]
[EventType "swiss"]
[EventRounds "9"]
[EventCountry "VIE"]
[SourceTitle "EXT 2023"]
[Source "ChessBase"]
[SourceDate "2022.10.05"]
[SourceVersion "1"]
[SourceVersionDate "2022.10.05"]
[SourceQuality "1"]

1. e4 e5 2. Nf3 Nc6 3. Bb5 a6 4. Ba4 Nf6 5. 0-0 d6 6. Re1 Be7 7. c3 0-0 8. h3 b5 9. Bc2 Bb7 10. d4 exd4 11. cxd4 Nb4 12. a4 Re8 13. Nbd2 Nxc2 14. Qxc2 Bf8 15. d5 Qd7 16. Nd4 Nxd5 17. Ra3 c5 18. Nf5 g6 19. Rg3 Nf6 20. b3 Nxe4 21. Nxe4 Bxe4 22. Rxe4 Qxf5 23. f3 d5 24. Rg5 Qd7 25. Qd3 f5 26. Rf4 Re1+ 27. Kf2 Rxc1 28. Rfxf5 d4 29. Rd5 Qf7 30. axb5 axb5 31. Qxb5 Ra2+ 32. Kg3 Rcc2 33. Rdf5 Rxg2+ 34. Kh4 Qxf5 0-1

[Event "VIE-ch U15"]
[Site "Hanoi"]
[Date "2022.06.13"]
[Round "4"]
[White "Tran, Ly Khoi Nguyen"]
[Black "Vu, Ba Khoi"]
[Result "0-1"]
[WhiteElo "2308"]
[BlackElo "2313"]
[PlyCount "78"]
[EventDate "2022.06.11"]
[EventType "swiss"]
[EventRounds "9"]
[EventCountry "VIE"]
[SourceTitle "EXT 2023"]
[Source "ChessBase"]
[SourceDate "2022.10.05"]
[SourceVersion "1"]
[SourceVersionDate "2022.10.05"]
[SourceQuality "1"]

1. e4 c6 2. d4 d5 3. exd5 cxd5 4. Bd3 Nf6 5. h3 Nc6 6. c3 g6 7. Bf4 Bg7 8. Nf3 Bf5 9. Ne5 Qb6 10. b4 Nxe5 11. Bxe5 Bxd3 12. Qxd3 0-0 13. 0-0 Rac8 14. Bxf6 Bxf6 15. Qe2 Rfe8 16. Qf3 e5 17. Nd2 exd4 18. cxd4 Bxd4 19. Rab1 Re5 20. Nb3 Rf5 21. Qe2 Bf6 22. Nc5 Bd4 23. Nd3 Qe6 24. Qd2 Bc3 25. Qd1 b6 26. Rb3 d4 27. Qg4 h5 28. Qg3 Re8 29. Qc7 Qe2 30. Rxc3 dxc3 31. Qxc3 Qxa2 32. Ra1 Qd5 33. Rxa7 Rd8 34. Ra3 Qd4 35. Qc1 Qe4 36. Qc3 Rg5 37. Ne1 Rd1 38. Ra1 Rxe1+ 39. Kh2 Qxg2# 0-1

[Event "VIE-ch U15"]
[Site "Hanoi"]
[Date "2022.06.11"]
[Round "1"]
[White "Vu, Ba Khoi"]
[Black "Bui, Ngoc Gia Bao"]
[Result "1-0"]
[WhiteElo "2313"]
[BlackElo "2328"]
[PlyCount "153"]
[EventDate "2022.06.11"]
[EventType "swiss"]
[EventRounds "9"]
[EventCountry "VIE"]
[SourceTitle "EXT 2023"]
[Source "ChessBase"]
[SourceDate "2022.10.05"]
[SourceVersion "1"]
[SourceVersionDate "2022.10.05"]
[SourceQuality "1"]

1. e4 c6 2. d4 d5 3. Nd2 dxe4 4. Nxe4 Bf5 5. Ng3 Bg6 6. Nf3 Nf6 7. Ne5 Nbd7 8. Nxg6 fxg6 9. c3 e5 10. dxe5 Nxe5 11. Qe2 Qe7 12. Be3 0-0-0 13. Rd1 Nd5 14. Bd4 Nd7 15. Qxe7 Nxe7 16. Bc4 Nd5 17. Bxd5 cxd5 18. 0-0 Nf6 19. Bxa7 Bd6 20. Bd4 Rhe8 21. Rfe1 Kc7 22. f3 b6 23. Rxe8 Rxe8 24. Kf1 Bc5 25. Bxf6 gxf6 26. Rxd5 Bd6 27. Ne4 Be5 28. g3 Kc6 29. Rd1 f5 30. Nf2 Ra8 31. Nd3 Bd6 32. a3 Rf8 33. Ke2 f4 34. Nxf4 Bxf4 35. gxf4 Rxf4 36. Rd4 Rf5 37. h4 h5 38. f4 Rb5 39. b4 Rf5 40. Re4 Kd6 41. a4 Rf8 42. Rd4+ Ke6 43. a5 bxa5 44. bxa5 Ra8 45. Ra4 Rc8 46. a6 Ra8 47. a7 Kd7 48. Ra6 Kc7 49. Rxg6 Re8+ 50. Kf3 Kb7 51. Rg7+ Ka8 52. f5 Rc8 53. Kf4 Rc4+ 54. Ke5 Rc5+ 55. Kf6 Rxf5+ 56. Kg6 Rf6+ 57. Kh7 Rh6+ 58. Kg8 Rh8+ 59. Kf7 Rf8+ 60. Ke7 Re8+ 61. Kf6 Re6+ 62. Kg5 Rc6 63. Rg8+ Kxa7 64. Kxh5 Rxc3 65. Kg6 Rg3+ 66. Kh7 Rh3 67. Rg4 Rd3 68. h5 Kb8 69. h6 Kc7 70. Kh8 Rd8+ 71. Rg8 Rd6 72. h7 Kc6 73. Kg7 Rd7+ 74. Kg6 Rd6+ 75. Kf5 Kb5 76. h8Q Rd5+ 77. Qe5 1-0

[Event "Eastern Asia-ch U14"]
[Site "Tornelo INT"]
[Date "2021.10.30"]
[Round "6"]
[White "Vu, Ba Khoi"]
[Black "Hoang, Minh Hieu"]
[Result "0-1"]
[WhiteElo "1476"]
[BlackElo "1636"]
[PlyCount "68"]
[EventDate "2021.10.29"]
[EventType "swiss"]
[EventRounds "9"]
[EventCountry "NET"]
[SourceTitle "EXT 2023"]
[Source "ChessBase"]
[SourceDate "2022.10.05"]
[SourceVersion "1"]
[SourceVersionDate "2022.10.05"]
[SourceQuality "1"]

1. e4 e6 2. d4 d5 3. exd5 exd5 4. Bd3 Bd6 5. Ne2 Qh4 6. Nd2 Bg4 7. c3 Ne7 8. Qa4+ Nd7 9. Nf1 0-0 10. Nfg3 c6 11. Bf4 Bxe2 12. Nxe2 Bxf4 13. g3 Bxg3 14. fxg3 Qh6 15. Nf4 Ng6 16. 0-0 Nxf4 17. Rxf4 Rfe8 18. Raf1 Re7 19. Qc2 g6 20. Qf2 Qg7 21. Rf3 Rae8 22. Qd2 f5 23. Qf4 Nf6 24. h3 Ne4 25. Re3 Rf8 26. h4 h6 27. Kh1 g5 28. Qf3 f4 29. Rxe4 dxe4 30. Bxe4 fxg3 31. Bh7+ Kxh7 32. Qxf8 Qxf8 33. Rxf8 gxh4 34. Rf4 h3 0-1

[Event "Eastern Asia-ch U14"]
[Site "Tornelo INT"]
[Date "2021.10.30"]
[Round "4"]
[White "Vu, Ba Khoi"]
[Black "Jayasundara, JM Daham V"]
[Result "1-0"]
[WhiteElo "1476"]
[BlackElo "1151"]
[PlyCount "123"]
[EventDate "2021.10.29"]
[EventType "swiss"]
[EventRounds "9"]
[EventCountry "NET"]
[SourceTitle "EXT 2023"]
[Source "ChessBase"]
[SourceDate "2022.10.05"]
[SourceVersion "1"]
[SourceVersionDate "2022.10.05"]
[SourceQuality "1"]

1. e4 c5 2. Nf3 d6 3. d4 cxd4 4. Nxd4 Nf6 5. Nc3 g6 6. Be2 Bg7 7. Be3 0-0 8. 0-0 Nc6 9. h3 Bd7 10. Re1 Rc8 11. Qd2 Ne5 12. Bh6 Nc4 13. Bxc4 Rxc4 14. Bxg7 Kxg7 15. Qd3 Qc7 16. a3 a6 17. Rad1 b5 18. Nf3 Rc5 19. Qd4 Rc4 20. Qd3 Rc8 21. e5 dxe5 22. Nxe5 Bf5 23. Qe2 Rc5 24. Nd3 Bxd3 25. Rxd3 e6 26. Red1 a5 27. Rf3 b4 28. axb4 axb4 29. Ne4 Rxc2 30. Qd3 Nxe4 31. Qxe4 Rc1 32. Rxc1 Qxc1+ 33. Kh2 Qxb2 34. Rxf7+ Kxf7 35. Qb7+ Kf6 36. Qxc8 Qe5+ 37. g3 Qf5 38. Qf8+ Ke5 39. f4+ Kd5 40. Qxb4 Qc2+ 41. Kg1 Qc5+ 42. Qxc5+ Kxc5 43. Kf2 Kd4 44. Kf3 Kd3 45. Kg4 Ke3 46. Kg5 Kf3 47. g4 Kg3 48. h4 Kh3 49. h5 gxh5 50. Kxh5 Kg3 51. f5 e5 52. f6 e4 53. f7 e3 54. f8Q e2 55. Qe7 Kf2 56. Qf6+ Ke1 57. Kh6 Kd1 58. Qd4+ Ke1 59. Kxh7 Kf1 60. Qd3 Kf2 61. Qxe2+ Kxe2 62. g5 1-0

[Event "VIE-chT"]
[Site "Ho Chi Minh City"]
[Date "2019.09.30"]
[Round "7.14"]
[White "Nguyen, Van Toan Thanh"]
[Black "Vu, Ba Khoi"]
[Result "1-0"]
[WhiteElo "2015"]
[BlackElo "1495"]
[PlyCount "85"]
[EventDate "2019.09.26"]
[EventType "team-swiss"]
[EventRounds "9"]
[EventCountry "VIE"]
[SourceTitle "EXT 2020"]
[Source "ChessBase"]
[SourceDate "2019.10.17"]
[SourceVersion "1"]
[SourceVersionDate "2019.10.17"]
[SourceQuality "1"]

1. e4 c6 2. d4 d5 3. exd5 cxd5 4. c4 Nf6 5. Nc3 e6 6. c5 Nc6 7. Nf3 Be7 8. Bb5 0-0 9. 0-0 Qc7 10. Re1 Nd7 11. Nxd5 exd5 12. Bxc6 Nxc5 13. Bxd5 Rd8 14. Rxe7 Qxe7 15. Bg5 Qxg5 16. Nxg5 Rxd5 17. Qh5 Rxg5 18. Qxg5 Ne6 19. Qe7 Nf8 20. Qd8 b6 21. Re1 Bb7 22. Qd6 Rc8 23. h3 h6 24. Re7 Ba6 25. Rxa7 Bc4 26. Qxb6 Be6 27. Rc7 Re8 28. a4 Bd5 29. Qd6 Bb3 30. a5 Re6 31. Qb4 Bd5 32. Rc8 Kh7 33. Qxf8 Re1+ 34. Kh2 Re2 35. Rc5 Be4 36. Qxf7 Bg6 37. Qf3 Rxb2 38. Rc7 Rb8 39. a6 Rd8 40. a7 h5 41. Qf6 Rg8 42. a8R Be8 43. Rxe8 1-0

[Event "VIE-chT"]
[Site "Ho Chi Minh City"]
[Date "2019.09.29"]
[Round "5.15"]
[White "Le, Cong Cuong"]
[Black "Vu, Ba Khoi"]
[Result "1/2-1/2"]
[WhiteElo "2066"]
[BlackElo "1495"]
[PlyCount "129"]
[EventDate "2019.09.26"]
[EventType "team-swiss"]
[EventRounds "9"]
[EventCountry "VIE"]
[SourceTitle "EXT 2020"]
[Source "ChessBase"]
[SourceDate "2019.10.17"]
[SourceVersion "1"]
[SourceVersionDate "2019.10.17"]
[SourceQuality "1"]

1. e4 c6 2. d4 d5 3. Nd2 dxe4 4. Nxe4 Bf5 5. Ng3 Bg6 6. Nf3 Nd7 7. Bd3 e6 8. 0-0 Ngf6 9. b3 Bd6 10. Bb2 0-0 11. c4 Re8 12. Bxg6 hxg6 13. Re1 Qc7 14. Qc2 b6 15. Rad1 Rad8 16. Nf1 c5 17. h3 Nb8 18. Ne3 Nc6 19. Qb1 cxd4 20. Nxd4 Nxd4 21. Bxd4 Bc5 22. Bxc5 Qxc5 23. Re2 Qc7 24. Red2 Rxd2 25. Rxd2 Rd8 26. Qd1 Rd7 27. Rd4 Qd8 28. Nc2 Kf8 29. Kf1 Ke8 30. Ke2 Rxd4 31. Qxd4 Qa8 32. Ne3 Qe4 33. Qxe4 Nxe4 34. a3 Kd7 35. f3 Nd6 36. Kd3 Kc6 37. b4 f6 38. Nc2 e5 39. Ne3 Nf5 40. Nxf5 gxf5 41. h4 f4 42. Ke4 g6 43. h5 gxh5 44. Kf5 Kd6 45. Kxf6 e4 46. fxe4 h4 47. e5+ Kc7 48. e6 h3 49. gxh3 f3 50. e7 f2 51. e8Q f1Q+ 52. Ke7 Qd3 53. Qg8 Qd7+ 54. Kf6 Qd4+ 55. Kf5 Qf2+ 56. Ke5 Qe3+ 57. Kf6 Qd4+ 58. Ke7 Qd7+ 59. Kf8 Qd6+ 60. Kg7 Qg3+ 61. Kh8 Qxh3+ 62. Qh7+ Qxh7+ 63. Kxh7 Kd6 64. Kg6 Ke5 65. c5 1/2-1/2

[Event "VIE-chT"]
[Site "Ho Chi Minh City"]
[Date "2019.09.29"]
[Round "6.18"]
[White "Vu, Ba Khoi"]
[Black "Pham, Phu Quang"]
[Result "1/2-1/2"]
[WhiteElo "1495"]
[BlackElo "1973"]
[PlyCount "160"]
[EventDate "2019.09.26"]
[EventType "team-swiss"]
[EventRounds "9"]
[EventCountry "VIE"]
[SourceTitle "EXT 2020"]
[Source "ChessBase"]
[SourceDate "2019.10.17"]
[SourceVersion "1"]
[SourceVersionDate "2019.10.17"]
[SourceQuality "1"]

1. e4 e6 2. d4 d5 3. exd5 exd5 4. Bd3 Bd6 5. Nf3 Nc6 6. c3 Nge7 7. Bg5 Bg4 8. Nbd2 Qd7 9. h3 Bf5 10. Qc2 f6 11. Bh4 0-0-0 12. 0-0-0 Rhe8 13. Rde1 Bxd3 14. Qxd3 Qf5 15. Qxf5+ Nxf5 16. g4 Nxh4 17. Nxh4 g6 18. Kc2 Kd7 19. Kd3 Rxe1 20. Rxe1 Re8 21. Rxe8 Kxe8 22. b3 Kf7 23. Ke3 g5 24. Ng2 Ne7 25. f4 Ng6 26. f5 Ne7 27. Kd3 h5 28. c4 hxg4 29. hxg4 c6 30. c5 Bc7 31. b4 a5 32. a3 axb4 33. axb4 Ng8 34. Ke3 Nh6 35. Kf3 Ke7 36. Nb1 Kd7 37. Ne3 Kc8 38. Nc3 Kb8 39. b5 Ba5 40. Ne2 Ka7 41. b6+ Ka6 42. Ng3 Bc3 43. Nc2 Kb5 44. Nh5 Ng8 45. Ke2 Kc4 46. Ke3 Bb2 47. Ng7 Nh6 48. Ne8 Nxg4+ 49. Kf3 Kb3 50. Kxg4 Kxc2 51. Nd6 Bxd4 52. Nxb7 Kd3 53. Na5 Bxc5 54. b7 Bd6 55. Nxc6 Ke3 56. Ne7 Ke4 57. Ng8 Ke5 58. Nh6 Bc7 59. Nf7+ Kd4 60. Nxg5 Ke5 61. Nf7+ Ke4 62. Ng5+ Ke5 63. Ne6 Bd6 64. Nd8 Ke4 65. Nf7 Bh2 66. Ng5+ Ke3 67. Nh7 d4 68. Nxf6 d3 69. Nd5+ Ke4 70. Nc3+ Kd4 71. Nd1 Kd5 72. f6 Ke6 73. Kg5 Kf7 74. Kf5 d2 75. Kg5 Bb8 76. Nb2 Be5 77. Kf5 Bb8 78. Nd1 Bc7 79. Ne3 Bb8 80. Kg5 Ba7 1/2-1/2

[Event "VIE-ch U11"]
[Site "Hai Phong"]
[Date "2018.07.12"]
[Round "8"]
[White "Vu, Ba Khoi"]
[Black "Dang, Anh Minh"]
[Result "0-1"]
[WhiteElo "1902"]
[BlackElo "1911"]
[PlyCount "84"]
[EventDate "2018.07.07"]
[EventType "swiss"]
[EventRounds "9"]
[EventCountry "VIE"]
[SourceTitle "EXT 2019"]
[Source "ChessBase"]
[SourceDate "2018.10.10"]
[SourceVersion "1"]
[SourceVersionDate "2018.10.10"]
[SourceQuality "1"]

1. e4 c5 2. Nf3 e6 3. d4 cxd4 4. Nxd4 Nc6 5. Nc3 Qc7 6. Be3 d6 7. Bd3 Nf6 8. 0-0 Be7 9. Kh1 0-0 10. f4 a6 11. Qf3 Bd7 12. Rae1 b5 13. a3 Rab8 14. Qg3 b4 15. Nxc6 Bxc6 16. axb4 Rxb4 17. Bc1 Qb7 18. e5 dxe5 19. Rxe5 h6 20. Re2 Kh8 21. Na2 Rd4 22. Be3 Ra4 23. Nc3 Rb4 24. b3 Rd8 25. Bg1 Qc7 26. Na2 Nh5 27. Qg4 Rxf4 28. Rxf4 Nxf4 29. Rf2 Bd6 30. Bf1 e5 31. Nc1 Bc5 32. Rxf4 Bxg1 33. Rc4 Ba7 34. Bd3 Qb6 35. Ne2 Qf2 36. h3 Qf6 37. Ng3 Bxg2+ 38. Kh2 Bd5 39. Ne4 Qb6 40. Rc8 Qg1+ 41. Qxg1 Bxg1+ 42. Kxg1 Rxc8 0-1

[Event "VIE-ch U11"]
[Site "Hai Phong"]
[Date "2018.07.07"]
[Round "1"]
[White "Nguyen, Duc Phat"]
[Black "Vu, Ba Khoi"]
[Result "0-1"]
[WhiteElo "1876"]
[BlackElo "1902"]
[PlyCount "76"]
[EventDate "2018.07.07"]
[EventType "swiss"]
[EventRounds "9"]
[EventCountry "VIE"]
[SourceTitle "EXT 2019"]
[Source "ChessBase"]
[SourceDate "2018.10.10"]
[SourceVersion "1"]
[SourceVersionDate "2018.10.10"]
[SourceQuality "1"]

1. e4 c6 2. d4 d5 3. exd5 cxd5 4. Nf3 Nc6 5. Bb5 Nf6 6. 0-0 Bg4 7. Be3 e6 8. Nbd2 Bd6 9. c3 0-0 10. Bd3 Qc7 11. h3 Bh5 12. Qc2 Rfc8 13. a3 Bxf3 14. Nxf3 h6 15. Rfe1 a6 16. Qd2 Na5 17. Rad1 b5 18. Bxh6 Nc4 19. Bxc4 bxc4 20. Bxg7 Bf4 21. Qe2 Kxg7 22. g3 Bh6 23. Ne5 Rh8 24. Qf3 Rag8 25. g4 Bg5 26. Qg3 Ne4 27. Qh2 f6 28. Nf3 Qxh2+ 29. Nxh2 Bh4 30. Re2 Bxf2+ 31. Rxf2 Nxf2 32. Kxf2 Rxh3 33. Kg2 Rd3 34. Rf1 Rd2+ 35. Rf2 Rxf2+ 36. Kxf2 Rb8 37. Ke3 Rxb2 38. Nf3 Ra2 0-1

[Event "VIE-ch U11"]
[Site "Hai Phong"]
[Date "2018.07.07"]
[Round "2"]
[White "Vu, Ba Khoi"]
[Black "Nguyen, Tri Thinh"]
[Result "1/2-1/2"]
[WhiteElo "1902"]
[BlackElo "1862"]
[PlyCount "100"]
[EventDate "2018.07.07"]
[EventType "swiss"]
[EventRounds "9"]
[EventCountry "VIE"]
[SourceTitle "EXT 2019"]
[Source "ChessBase"]
[SourceDate "2018.10.10"]
[SourceVersion "1"]
[SourceVersionDate "2018.10.10"]
[SourceQuality "1"]

1. e4 e5 2. Nf3 Nc6 3. Bc4 d6 4. d3 Be7 5. Nc3 Nf6 6. Be3 Bg4 7. h3 Bh5 8. Nd5 Na5 9. Nxf6+ Bxf6 10. Bb3 Nxb3 11. axb3 a6 12. Qe2 h6 13. g4 Bg6 14. Nd2 h5 15. Qf3 Bg5 16. Bxg5 Qxg5 17. Ke2 0-0-0 18. Rag1 Rh7 19. Qe3 Qxe3+ 20. Kxe3 hxg4 21. hxg4 Rdh8 22. Rxh7 Rxh7 23. Kf3 f6 24. Kg3 Kd7 25. Nf3 c6 26. Nh4 Bf7 27. Nf5 Ke6 28. b4 Be8 29. c3 c5 30. bxc5 dxc5 31. Rd1 Bc6 32. f3 g6 33. Nh4 g5 34. Nf5 Ba4 35. Rd2 Rh1 36. d4 cxd4 37. cxd4 Rd1 38. d5+ Kd7 39. Rxd1 Bxd1 40. Ne3 Bb3 41. Kf2 Ba4 42. Nf5 b5 43. b4 a5 44. bxa5 b4 45. Ne3 Kc7 46. Ke2 Kb7 47. Kd2 Ka6 48. Nc4 Bb5 49. Nd6 Bd7 50. Nc4 Bb5 1/2-1/2

[Event "VIE-chT"]
[Site "Ho Chi Minh City"]
[Date "2017.07.29"]
[Round "9.40"]
[White "Vu, Ba Khoi"]
[Black "Nguyen, Le Ngoc Quy"]
[Result "0-1"]
[WhiteElo "2015"]
[BlackElo "1538"]
[PlyCount "53"]
[EventDate "2017.07.24"]
[EventType "team-swiss"]
[EventRounds "9"]
[EventCountry "VIE"]
[SourceTitle "EXT 2019"]
[Source "ChessBase"]
[SourceDate "2018.10.10"]
[SourceVersion "1"]
[SourceVersionDate "2018.10.10"]
[SourceQuality "1"]

1. e4 c5 2. Nf3 Nc6 3. d3 g6 4. g3 Bg7 5. Bg2 e6 6. c3 Nge7 7. Be3 d6 8. Nbd2 0-0 9. 0-0 b6 10. Rc1 d5 11. Nh4 d4 12. cxd4 cxd4 13. Bg5 f6 14. Bf4 e5 15. Qb3+ Kh8 16. Nb1 exf4 17. gxf4 Bb7 18. Bh3 f5 19. f3 Na5 20. Qd1 Nd5 21. Ng2 Ne3 22. Nxe3 dxe3 23. Qe2 Nc6 24. Nc3 Nd4 25. Qxe3 Nb3 26. e5 Nxc1 27. Rxc1 0-1

[Event "VIE-chT"]
[Site "Ho Chi Minh City"]
[Date "2017.07.26"]
[Round "5.45"]
[White "Vu, Ba Khoi"]
[Black "Vo, Tan Chinh"]
[Result "0-1"]
[WhiteElo "2015"]
[BlackElo "2029"]
[PlyCount "70"]
[EventDate "2017.07.24"]
[EventType "team-swiss"]
[EventRounds "9"]
[EventCountry "VIE"]
[SourceTitle "EXT 2019"]
[Source "ChessBase"]
[SourceDate "2018.10.10"]
[SourceVersion "1"]
[SourceVersionDate "2018.10.10"]
[SourceQuality "1"]

1. c4 c6 2. g3 d5 3. cxd5 cxd5 4. d4 e6 5. Bg2 Nc6 6. Nf3 Bb4+ 7. Bd2 Bxd2+ 8. Nbxd2 Nf6 9. Rc1 Qb6 10. Qb3 Nxd4 11. Nxd4 Qxd4 12. Qb5+ Nd7 13. Nb3 Qb6 14. Qa4 0-0 15. Rxc8 Raxc8 16. Qxd7 Qb4+ 17. Kf1 Qxb3 18. Bf3 Qxb2 19. Kg2 Qb4 20. a3 Qxa3 21. Qxb7 Rb8 22. Qc7 Rfc8 23. Qe5 a5 24. Ra1 Qb4 25. Rd1 a4 26. Rd4 Qb2 27. Qf4 a3 28. Bh5 g6 29. e3 a2 30. Kh3 a1Q 31. Kh4 Qab1 32. Bg4 Qg1 33. h3 Qbxf2 34. Qd6 Qxe3 35. Ra4 Qh6+ 0-1

[Event "VIE-chT"]
[Site "Ho Chi Minh City"]
[Date "2017.07.26"]
[Round "4.33"]
[White "Vu, Thi Dieu Uyen"]
[Black "Vu, Ba Khoi"]
[Result "1-0"]
[WhiteElo "1691"]
[BlackElo "2015"]
[PlyCount "49"]
[EventDate "2017.07.24"]
[EventType "team-swiss"]
[EventRounds "9"]
[EventCountry "VIE"]
[SourceTitle "EXT 2019"]
[Source "ChessBase"]
[SourceDate "2018.10.10"]
[SourceVersion "1"]
[SourceVersionDate "2018.10.10"]
[SourceQuality "1"]

1. d4 f5 2. Bf4 g6 3. e3 Bg7 4. Nf3 Nc6 5. Nbd2 Nf6 6. Bd3 d5 7. 0-0 0-0 8. c4 Nb4 9. Be2 c6 10. a3 Na6 11. Ne5 Nc7 12. c5 Ne6 13. b4 Ne4 14. Nxe4 fxe4 15. Bg3 Nc7 16. Qb3 Bd7 17. f3 exf3 18. Bxf3 Ne8 19. e4 e6 20. exd5 Bxe5 21. dxe6 Bxd4+ 22. Kh1 Kh8 23. Rad1 Bxe6 24. Qxe6 Nf6 25. Bf2 1-0

[Event "VIE-chT"]
[Site "Ho Chi Minh City"]
[Date "2017.07.24"]
[Round "2.39"]
[White "Bui, Nhat Quang"]
[Black "Vu, Ba Khoi"]
[Result "0-1"]
[WhiteElo "1417"]
[BlackElo "2015"]
[PlyCount "124"]
[EventDate "2017.07.24"]
[EventType "team-swiss"]
[EventRounds "9"]
[EventCountry "VIE"]
[SourceTitle "EXT 2019"]
[Source "ChessBase"]
[SourceDate "2018.10.10"]
[SourceVersion "1"]
[SourceVersionDate "2018.10.10"]
[SourceQuality "1"]

1. e4 e6 2. d4 d5 3. Nd2 Nf6 4. Bd3 dxe4 5. Nxe4 Nbd7 6. Nf3 Be7 7. 0-0 0-0 8. c3 b6 9. Qc2 Bb7 10. Nxf6+ Nxf6 11. Ng5 h6 12. Ne4 Qd5 13. Nxf6+ Bxf6 14. f3 Qd7 15. Be3 Rfd8 16. Rfd1 Qe7 17. Re1 Qd6 18. Bf2 c5 19. Bh7+ Kh8 20. Be4 Bxe4 21. Qxe4 cxd4 22. Rad1 d3 23. Re3 d2 24. Re2 Bg5 25. h4 Bf4 26. Be3 Bxe3+ 27. Qxe3 Qg3 28. Qe4 Qc7 29. Rexd2 Kg8 30. Rd4 Rac8 31. Qd3 Rxd4 32. Qxd4 Qe7 33. Qd7 Qc5+ 34. Qd4 Qc7 35. Kh1 Kf8 36. Qd6+ Qxd6 37. Rxd6 Ke7 38. Rd2 Rc4 39. g3 Rc5 40. Kg2 Ra5 41. b3 Kf6 42. f4 e5 43. b4 Ra3 44. Rc2 e4 45. c4 Ke6 46. c5 bxc5 47. bxc5 Kd7 48. c6+ Kc7 49. Kf2 Rf3+ 50. Kg2 f5 51. a4 Ra3 52. Rc4 h5 53. Kf2 g6 54. Rc5 Rxa4 55. Re5 Rd4 56. Re7+ Kxc6 57. Re6+ Kc5 58. Re7 a5 59. Ra7 Kb5 60. Rb7+ Ka4 61. Ra7 Kb4 62. Rb7+ Ka3 0-1

[Event "Hanoi Pooltech op 2nd"]
[Site "Hanoi"]
[Date "2017.02.25"]
[Round "5"]
[White "Vu, Ba Khoi"]
[Black "Nguyen, Dang Bao"]
[Result "1/2-1/2"]
[WhiteElo "1488"]
[BlackElo "1221"]
[PlyCount "95"]
[EventDate "2017.02.17"]
[EventType "swiss"]
[EventRounds "9"]
[EventCountry "VIE"]
[SourceTitle "CBM 177 Extra"]
[Source "ChessBase"]
[SourceDate "2017.04.27"]
[SourceVersion "1"]
[SourceVersionDate "2017.04.27"]
[SourceQuality "1"]

1. c4 e5 2. Nc3 Nf6 3. g3 b6 4. Bg2 Nc6 5. d3 Be7 6. Bd2 Bb7 7. Nf3 Nd4 8. e3 Nxf3+ 9. Bxf3 Bxf3 10. Qxf3 c6 11. e4 0-0 12. 0-0 Re8 13. Qg2 Bc5 14. Rad1 a6 15. a3 b5 16. b4 Bd4 17. Ne2 bxc4 18. dxc4 d5 19. Nxd4 exd4 20. exd5 cxd5 21. c5 Ne4 22. Bc1 Nc3 23. Rd3 Qe7 24. Bb2 Qe4 25. Rd2 Ne2+ 26. Kh1 d3 27. Rfd1 a5 28. bxa5 Rxa5 29. Rxd3 Rxc5 30. Qxe4 dxe4 31. Rd8 Rf8 32. a4 Rc8 33. Rxf8+ Kxf8 34. Re1 Rc2 35. Ba3+ Ke8 36. Kg2 Ra2 37. Bc5 f5 38. Bb6 Nc3 39. a5 Nd5 40. Rb1 Nxb6 41. axb6 Ra8 42. Rb5 g6 43. Rc5 Rb8 44. Rc6 Rb7 45. Kh3 Kd7 46. Rf6 Ke7 47. Rc6 Rb8 48. Kh4 1/2-1/2